000 01524cam a22004217a 4500
001 000089082
003 CHAP
005 20220329142612.0
008 010926d2000 mx r 00110 spa d
010 _a85552
011 _a86524
020 _a0851994814
035 _a97062
040 _cCHAP
082 0 0 _a628.53
_bI25
100 0 0 _aInnes, J.L.
_eed.
_958825
245 1 0 _aAir pollution and the forests of developing and rapidly industrializing regions :
_breport No. 4 of the IUFRO task force on environmental change /
_c/ed. by J.L. Innes and A.H. Haron.
260 _aWallingford :
_bCABI Publishing,
_c2000.
300 _a262 p. :
_bilus.
410 0 0 _aInternational Union of Forestry Research Organization
490 0 _aIUFRO research series
_v; 4
590 _aBATCH-UPD
_b10
_c20130110
_lUCH01
_h0515
590 _aBATCH-UPD
_b10
_c20130410
_lUCH01
_h0153
590 _aBATCH-UPD
_b10
_c20130913
_lUCH01
_h2330
590 _aCONVERSION
_b10
_c20130109
_lUCH01
_h1347
590 _aE5765TAJ
_b05
_c20150602
_lUCH01
_h1203
650 1 4 _aAire
_xContaminación.
_93138
650 1 4 _aBosques
_xEcología.
_914131
650 1 4 _aBosques
_xEfecto del medio ambiente.
_914133
700 0 _aHaron. A.H.
_952794
810 0 0 _aInternational Union of Forestry Research Organization
_960081
830 0 0 _aIUFRO research series
_v; 4
_960705
901 _aBK
905 _aAlejandra Carrasco M.
942 _cLIBRO
942 _n0
949 _a628.53 I5
_bBC
_cLIBRO
_d33724000862314
_eLIBRO
_h102298
_i97062
_kI.213404
_si
_t$ 900.00
999 _c85552
_d85552